[Event "Erfurt op Amateurs 28th"]
[Site "Erfurt"]
[Date "2018.12.27"]
[Round "2"]
[White "Tangermann, Wilfried"]
[Black "Mueller, Helene"]
[Result "0-1"]
[WhiteElo "1586"]
[BlackElo "1524"]
[PlyCount "56"]
[EventDate "2018.12.27"]
[EventType "swiss"]
[EventRounds "7"]
[EventCountry "GER"]
[SourceTitle "EXT 2021"]
[Source "ChessBase"]
[SourceDate "2020.10.23"]
[SourceVersion "1"]
[SourceVersionDate "2020.10.23"]
[SourceQuality "1"]

1. e4 c5 2. Nf3 d6 3. d4 cxd4 4. Nxd4 Nf6 5. Nc3 g6 6. f3 Bg7 7. Be3 Bd7 8. Qd2 0-0 9. 0-0-0 Nc6 10. g4 Rc8 11. h4 Ne5 12. h5 Qa5 13. Nb3 Qd8 14. Be2 a5 15. Nd5 a4 16. Nxf6+ Bxf6 17. Nd4 Qc7 18. hxg6 fxg6 19. Rdg1 Nc4 20. Bxc4+ Qxc4 21. Kb1 Be6 22. Nxe6 Qxe6 23. Bd4 a3 24. b3 Rc6 25. g5 Bxd4 26. Qxd4 Rxf3 27. Rxh7 Kxh7 28. Rh1+ Rh3 0-1

[Event "GER-chT U10"]
[Site "Magdeburg"]
[Date "2016.12.28"]
[Round "5.1"]
[White "Miranda Martin, Pablo Mateo"]
[Black "Mueller, Helene"]
[Result "1/2-1/2"]
[WhiteElo "1001"]
[BlackElo "1182"]
[PlyCount "115"]
[EventDate "2016.12.27"]
[EventType "team-swiss"]
[EventRounds "7"]
[EventCountry "GER"]
[SourceTitle "EXT 2018"]
[Source "ChessBase"]
[SourceDate "2017.10.13"]
[SourceVersion "1"]
[SourceVersionDate "2017.10.13"]
[SourceQuality "1"]
[WhiteTeam "Walldorf"]
[BlackTeam "Kitzscher"]
[WhiteTeamCountry "GER"]
[BlackTeamCountry "GER"]

1. e4 c5 2. Nf3 d6 3. d4 cxd4 4. Nxd4 Nf6 5. Nc3 g6 6. Bg5 Bg7 7. Bc4 Nc6 8. Be3 Bd7 9. Qd2 Ng4 10. 0-0 Nxe3 11. fxe3 0-0 12. Rae1 e6 13. Ndb5 Be8 14. Qxd6 Qxd6 15. Nxd6 Bd7 16. Bb3 Rfd8 17. Nxb7 Rdb8 18. Nd6 Na5 19. Rxf7 Nxb3 20. axb3 Bc6 21. Rf2 Rd8 22. Nc4 Rf8 23. Rf4 Rf7 24. Ref1 Raf8 25. Nd6 Rd7 26. e5 Rdd8 27. Rxf8+ Rxf8 28. Rxf8+ Kxf8 29. Nc4 Kf7 30. g3 g5 31. Na5 Ba8 32. Nc4 Kg6 33. g4 h5 34. gxh5+ Kxh5 35. Kf2 Kg4 36. Ne2 Kf5 37. Nd4+ Ke4 38. Nxe6 Bxe5 39. Nxe5 Kxe5 40. Nxg5 Kf5 41. Nf7 Kg4 42. b4 Kh3 43. b5 Kxh2 44. c4 Kh3 45. Ne5 Kh4 46. c5 Kg5 47. c6 Kf5 48. Nf7 Ke6 49. Ng5+ Kd5 50. e4+ Kc5 51. e5 Kxb5 52. Ke3 Kxc6 53. Kd4 Kd7 54. Kc5 Bb7 55. b4 Ke7 56. b5 Kd7 57. b6 axb6+ 58. Kxb6 1/2-1/2

[Event "GER-ch U10 Girls"]
[Site "Willingen"]
[Date "2016.05.21"]
[Round "11"]
[White "Keymer, Cecilia"]
[Black "Mueller, Helene"]
[Result "1-0"]
[WhiteElo "923"]
[BlackElo "1107"]
[PlyCount "73"]
[EventDate "2016.05.15"]
[EventType "swiss"]
[EventRounds "11"]
[EventCountry "GER"]
[SourceTitle "CBM 172 Extra"]
[Source "ChessBase"]
[SourceDate "2016.06.21"]
[SourceVersion "1"]
[SourceVersionDate "2016.06.21"]
[SourceQuality "1"]

1. d4 d5 2. c4 e5 3. e3 Nc6 4. dxe5 Nxe5 5. Qxd5 Qxd5 6. cxd5 Nf6 7. f4 Ng6 8. Bc4 Bd6 9. Nc3 Ne7 10. a3 Bf5 11. Nf3 Be4 12. Bb5+ c6 13. dxc6 Bxc6 14. 0-0 Bc5 15. b4 Bb6 16. Ne5 Bxb5 17. Nxb5 Ned5 18. Re1 Nxf4 19. Nc4 Nd3 20. Rd1 Nxc1 21. Nxb6 0-0 22. Nxa8 Rxa8 23. Raxc1 a6 24. Nd4 Re8 25. h3 Rxe3 26. Rc8+ Ne8 27. Nf5 Re6 28. Rdd8 Kf8 29. Nd6 g6 30. Nxe8 Re1+ 31. Kh2 Kg8 32. Nd6+ Kg7 33. Rd7 Kh6 34. Nxf7+ Kh5 35. Rc5+ Kh4 36. Rd4+ Re4 37. Rxe4# 1-0